Trò chơi âm nhạc cho trẻ mầm non
Đã lưu trong:
| Tác giả chính: | |
|---|---|
| Định dạng: | Sách |
| Ngôn ngữ: | Vietnamese |
| Được phát hành: |
H.
Giáo dục
1998
|
| Phiên bản: | Tái bản lần thứ 1 |
| Những chủ đề: | |
| Các nhãn: |
Thêm thẻ
Không có thẻ, Là người đầu tiên thẻ bản ghi này!
|
| Thư viện lưu trữ: | Mạng thư viện Đại học Đà Nẵng |
|---|
| LEADER | 00988nam a2200313 4500 | ||
|---|---|---|---|
| 001 | 000013993 | ||
| 003 | 10345 | ||
| 005 | 20120328070351.0 | ||
| 008 | 120328s1998 viesd | ||
| 020 | |c 2400đ | ||
| 041 | 0 | |a vie | |
| 082 | |a 782.7 |b HO-Y | ||
| 100 | 0 | |a Hoàng, Văn Yến | |
| 245 | 0 | |a Trò chơi âm nhạc cho trẻ mầm non |c Hoàng Văn Yến | |
| 250 | |a Tái bản lần thứ 1 | ||
| 260 | |a H. |b Giáo dục |c 1998 | ||
| 300 | |a 63 tr. |c 20 cm | ||
| 653 | |a Trò chơi âm nhạc | ||
| 653 | |a Trẻ mầm non | ||
| OWN | |a LSP | ||
| AVA | |a UDN50 |b LSP |d 782.7 HO-Y |e available |t Error 5001 Not defined in file expand_doc_bib_avail. |f 1 |g 0 |h N |i 0 |k 1 | ||
| 999 | |a From the UDN01 | ||
| AVA | |a UDN50 |b LSP |d 782.7 HO-Y |e available |t Error 5001 Not defined in file expand_doc_bib_avail. |f 1 |g 0 |h N |i 0 |k 1 | ||
| TYP | |a Monograph | ||
| TYP | |a Printed language | ||
| 980 | |a Mạng thư viện Đại học Đà Nẵng | ||